• 首页
  • 本馆介绍
  • 公告通知
  • 最新文献
  • 馆藏检索
  • 电子资源
  • 读者导购
  • 参考咨询
  • 我的图书馆
  • 登录
  • 详细信息显示
  • 放入我的书架
  • 预约/预借图书
  • 作者相关作品
  • 分类相关作品
  • 丛书相关作品
  • 出版社相关作品

书目信息

  • 表格格式
  • 工作单格式
  • 卡片格式
题名:
教育的目的
    
 
作者: 怀特海 著 ;艾文 译
分册:  
出版信息: 北京   台海出版社  2022.06
页数: 247页
开本: 21cm
丛书名:
单 册:
中图分类: G40-011
科图分类:
主题词: 教育目的
电子资源:
ISBN: 978-7-5168-3224-0
000 00967nam0 2200253 450
001 012001003072
005 20141204122420.0
010    @a978-7-5168-3224-0@dCNY39.80
100    @a20220905d2022 em y0chiy50 ea
101 1  @achi@ceng
102    @aCN@b110000
105    @ay z 000yy
106    @ar
200 1  @a教育的目的@Ajiao yu de mu di@d= The aims of education@f(英)艾尔弗雷德·诺思·怀特海著@g艾文译@zeng
210    @a北京@c台海出版社@d2022.06
215    @a247页@d21cm
330    @a本书作者认为每一个学生都有自己的思维和情感,教育的目的就是要激发学生的创造性和自主性,并引导他们走上一条适合自己的发展之路。此书正是从教育的目的、教育的节奏、数学课程等多个方面论述了这一主题。
510 1  @aAims of education@zeng
606 0  @a教育目的
690    @aG40-011@v5
701  0 @c(英)@a怀特海@Ahuai te hai@c(Whitehead, Alfred North@f1861~1947)@4著
702  0 @a艾文@Aai wen@c(翻译)@4译
801  0 @aCN@bAHXH@c20221111
905    @b1374002-6@dG40-011@e1339@f5
    
    教育的目的= The aims of education/(英)艾尔弗雷德·诺思·怀特海著/艾文译.-北京:台海出版社,2022.06
    247页;21cm
    
    
    ISBN 978-7-5168-3224-0:CNY39.80
    本书作者认为每一个学生都有自己的思维和情感,教育的目的就是要激发学生的创造性和自主性,并引导他们走上一条适合自己的发展之路。此书正是从教育的目的、教育的节奏、数学课程等多个方面论述了这一主题。
●
相关链接 在E读中查询图书 在五车中查询图书 在当当中查询图书 在豆瓣中查询图书


正题名:教育的目的     索取号:G40-011/1339         预约/预借

序号 登录号 条形码 馆藏地/架位号 状态 备注
1 1374002   213740022   第一样本阅览室/ [索取号:G40-011/1339] 在馆    
2 1374003   213740031   教育系资料室/ [索取号:G40-011/1339] 在馆    
3 1374004   213740040   教育系资料室/ [索取号:G40-011/1339] 在馆    
4 1374005   213740059   第四借阅区/ [索取号:G40-011/1339] 在馆    
5 1374006   213740068   第四借阅区/ [索取号:G40-011/1339] 在馆    
唐山师范学院图书馆 欢迎您!
大连网信软件有限公司© 版权所有